Statistics for Mainline Sonic Games

Click here to take the quiz!

General Stats

  • This quiz has been taken 21 times
  • The average score is 14 of 18

Answer Stats

YearSystemName% Correct
1998DreamcastSonic Adventure
92%
2010WiiSonic Colors
92%
1991GenesisSonic the Hedgehog
92%
1992GenesisSonic the Hedgehog 2
92%
1994GenesisSonic 3 & Knuckles
83%
2001DreamcastSonic Adventure 2
83%
2005GameCube, PS2, XboxShadow the Hedgehog
75%
2022Switch, PS5, PS4, Xbox Series X/S, Xbox One, PCSonic Frontiers
75%
2017Switch, PS4, Xbox One, PCSonic Mania
75%
2006PS3, Xbox 360Sonic the Hedgehog (2006)
75%
2008PS3, Xbox 360Sonic Unleashed
75%
1993Sega CDSonic CD
67%
2017Switch, PS4, Xbox One, PCSonic Forces
67%
2011PS3, Xbox 360, PCSonic Generations
67%
2013Wii U, PCSonic Lost World
67%
2009WiiSonic and the Black Knight
58%
2007WiiSonic and the Secret Rings
58%
2003GameCube, PS2, XboxSonic Heroes
58%

Score Distribution

Percentile by Number Answered

Percent of People with Each Score

Your Score History

You have not taken this quiz